| 000 | 00602nam a2200205Ia 4500 | ||
|---|---|---|---|
| 005 | 20250923145345.0 | ||
| 008 | 008 250917s9999 xx 000 0 eng d | ||
| 037 | _aTextual | ||
| 040 |
_aDSWL _beng _cDSWL |
||
| 041 |
_aeng _2eng |
||
| 084 |
_aY5927:1.231, N38 _qDSWL |
||
| 100 |
_aPradhan, G.R. _9834434 |
||
| 245 | 0 |
_aUntouchable workers of Bombay city _c by G.R. Pradhan |
|
| 260 |
_aBombay _bKarnatak Publishing House _c1938 |
||
| 300 | _avi,170p. | ||
| 365 |
_aINR _b13 . 50 |
||
| 925 | _g13 . 50 | ||
| 942 |
_cTEXL _hY5927:1.231, N38 |
||
| 999 |
_c1450398 _d1450398 |
||